000 00562nam a2200181 i 4500
001 97325
003 ES-MaACL
005 20240131063031.0
007 t|
008 050711s1978 sp ||||1| cat d
100 1 _aMaragall, Joan,
_d1860-1911
_9152432
245 1 0 _aElogi de la paraula i altres assaigs /
_cJoan Maragall ; a cura de Francesc VallverdĂș.
260 _aBarcelona :
_bEdiciones 62,
_c1978.
300 _a205 p. ;
_c19 cm.
700 1 _aVallverdĂș, Francesc.
_9112964
852 _aES-MaACL
_jA-9652
_bR.98687
999 _c97325
_d97325